000
00268nam a22001217a 4500
008
170426b xxu||||| |||| 00| 0 eng d
041
_a
eng
080
_a
546
100
_a
12
101
_a
shm
245
_a
TREATISE ON INORGANIC CHEMISTRY
_c
REMY, H
942
_2
udc
_c
BK
999
_c
12006
_d
12006